000 00793nam a22002897a 4500
001 0000332
003 KOHA_MİRAKIL
005 20260207001207.0
007 ta
008 081212b2003 tu |||gr||||#||||0|tur |
020 _a9755111298
_cYTL16,690000000000001
040 _aTR-BiSEU
_btur
_cTR-BiSEU
_erda
041 0 _atur
044 _ctu
050 _aT11.8
_b.B34 2003
100 1 _aBağcı, Mustafa.
245 1 _aTeknik resim/
_cMustafa Bağcı ; Mustafa Bağcı.
264 1 _aİstanbul :
_bBirsen
_c2003
300 _a2 c.
336 _ametin
_btxt
_2rdacontent
337 _aaracısız
_bn
_2rdamedia
338 _acilt
_bnc
_2rdacarrier
500 _aKaynakça ve dizin var.
650 0 _aTechnical illustration.
_91796
650 0 _aTeknik resim.
_91795
942 _2lcc
_cBK
999 _c333
_d333